000 01116nam a2200289 i 4500
003 DO-SdBNP
005 20230626081524.0
006 a||||gr|||| 00| 0
007 ta
008 230623t2019 dr ao||| |||| 00| 0 spa d
020 _a9789945443622 (serie)
020 _a9789945582840 (v.265)
040 _aDO-SdBNP
_bspa
_cBNPHU
_erda
082 4 _222
_bL792j
100 1 _924581
_aLlort, Julio
245 _aJulio LLort:
_buna vida por el arte. /
_cJulio LLort, Marianne de Tolentino; fotografía, Mariano Hernández; colaboradores, Hipólito Batista...[y otros]
264 4 _aSanto Domingo :
_bBanco Central de la República Dominicana,
_c©2019
300 _a239 páginas
_bIlustraciones, fotografía ;
_c28 cm.
336 _2rdaconten
_atexto
_btxt
337 _2rdamedia
_asin medición
_bn
338 _2rdacarrier
_avolumen
_bnc
490 1 _aArte y Literatura ;
_v99
500 _aIncluye datos biográficos del autor en las páginas 222 - 226
590 _aInventariado 2023 / MF
830 _aBanco Central de la República Dominicana ;
_lspa
_n265
_pSerie Arte y Literatura ; 99
_983589
942 _2ddc
_cLBS1
999 _c53936
_d53936